|
|
|
|
| LEADER |
01773nam a2200517 i 4500 |
| 001 |
nkc20183050103 |
| 003 |
CZ PrNK |
| 005 |
20181205100931.0 |
| 007 |
ta |
| 008 |
181105s2018 xr a c 000 f cze |
| 015 |
|
|
|a cnb003050103
|
| 020 |
|
|
|a 978-80-7473-712-1
|q (vázáno) :
|c Kč 299,00
|
| 035 |
|
|
|a (OCoLC)1078646445
|
| 040 |
|
|
|a BOA001
|b cze
|d ABA001
|e rda
|
| 041 |
1 |
|
|a cze
|h nor
|
| 072 |
|
7 |
|a 821.11
|x Germánské literatury
|2 Konspekt
|9 25
|
| 072 |
|
7 |
|a 821-93
|x Literatura pro děti a mládež (beletrie)
|2 Konspekt
|9 26
|
| 080 |
|
|
|a 821.113.5-31
|2 MRF
|
| 080 |
|
|
|a 821-93
|2 MRF
|
| 080 |
|
|
|a (0:82-311.3)
|2 MRF
|
| 100 |
1 |
|
|a Peers, Bobbie,
|d 1974-
|7 mzk2016933159
|4 aut
|
| 240 |
1 |
0 |
|a Orbulatoragenten.
|l Česky
|
| 245 |
1 |
0 |
|a Agent orbulátoru /
|c Bobbie Peers ; v překladu Marie Voslářové
|
| 250 |
|
|
|a Vydání první
|
| 264 |
|
1 |
|a Praha :
|b Kniha Zlin,
|c 2018
|
| 300 |
|
|
|a 201 stran :
|b ilustrace ;
|c 24 cm
|
| 336 |
|
|
|a text
|b txt
|2 rdacontent
|
| 337 |
|
|
|a bez média
|b n
|2 rdamedia
|
| 338 |
|
|
|a svazek
|b nc
|2 rdacarrier
|
| 490 |
1 |
|
|a Trix ;
|v svazek 11
|
| 500 |
|
|
|a Přeloženo z norštiny
|
| 655 |
|
7 |
|a norské romány
|7 fd132917
|2 czenas
|
| 655 |
|
7 |
|a dobrodružné romány
|7 fd132061
|2 czenas
|
| 655 |
|
7 |
|a publikace pro děti
|7 fd133156
|2 czenas
|
| 655 |
|
9 |
|a Norwegian fiction
|2 eczenas
|
| 655 |
|
9 |
|a adventure novels
|2 eczenas
|
| 655 |
|
9 |
|a children's literature
|2 eczenas
|
| 700 |
1 |
|
|a Voslářová, Marie,
|d 1985-
|7 xx0137665
|4 trl
|
| 787 |
0 |
8 |
|i Z cyklu:
|t William Wenton
|g 3
|
| 830 |
|
0 |
|a Trix
|0 s
|
| 910 |
2 |
|
|a BOA001
|b 2-1415.798
|
| 928 |
9 |
|
|a Albatros Media - Kniha Zlin
|
| 990 |
|
|
|a BK
|
| 995 |
|
|
|a 01
|
| 991 |
|
|
|b 201811
|c NOV
|
| 996 |
6 |
|
|b 2610760567
|c 2-1415.798
|l MZK
|r Sklad / do 1 hodiny
|n 0
|p p.v.
|w 001694590
|u 000010
|a 1
|e BOA001
|j MZK50
|s P
|